UBT Library

Frenchay dysarthria assessment / (Record no. 39622)

000 -LEADER
fixed length control field 00572pam a2200217 a 4500
001 - CONTROL NUMBER
control field 3278991
005 - DATE AND TIME OF LATEST TRANSACTION
control field 20180103043631.0
008 - FIXED-LENGTH DATA ELEMENTS--GENERAL INFORMATION
fixed length control field 821006s1983 caua b 001 0 eng
010 ## - LIBRARY OF CONGRESS CONTROL NUMBER
LC control number 82019826
020 ## - INTERNATIONAL STANDARD BOOK NUMBER
International Standard Book Number 0933014821 (pbk.) :
Terms of availability $15.00 (est.)
040 ## - CATALOGING SOURCE
Original cataloging agency DLC
Transcribing agency DLC
Modifying agency DLC
041 ## - LANGUAGE CODE
Language code of text/sound track or separate title eng
080 ## - UNIVERSAL DECIMAL CLASSIFICATION NUMBER
Universal Decimal Classification number 616.855 END
082 00 - DEWEY DECIMAL CLASSIFICATION NUMBER
Classification number 616.855 END
Edition number 19
100 1# - Rafti
Rafti 3
101 ## - Shkurtesa
Shkurtesa SHM
245 10 - TITLE STATEMENT
Title Frenchay dysarthria assessment /
Statement of responsibility, etc Pamela M. Enderby.
504 ## - BIBLIOGRAPHY, ETC. NOTE
Bibliography, etc Bibliography: p. 54.
906 ## - LOCAL DATA ELEMENT F, LDF (RLIN)
a 7
b cbc
c orignew
d 1
e ocip
f 19
g y-gencatlg
942 ## - ADDED ENTRY ELEMENTS (KOHA)
Source of classification or shelving scheme
Item type Books
Holdings
Withdrawn status Lost status Source of classification or shelving scheme Damaged status Not for loan Collection code Permanent location Current location Shelving location Date acquired Total Checkouts Full call number Barcode Date last seen Price effective from Koha item type
          Koleksioni Referal UBT - Lipjan UBT - Lipjan Koleksioni i përgjithshem 01/03/2018   616.855 END 002-2994265 01/03/2018 01/03/2018 Books
UBT Library © 2015-2024. All rights reserved University Education for Business and Technology